Návštevník so sexuálnou túžbou

Bibliographic Details
Main Author: (ľn) (Author)
Format: Article
Language:Slovak
Subjects:

MARC

LEADER 00000nab a2200000 a 4500
001 vtls001026986
003 SK-MaSNL
005 20260305035039.0
008 040720e19990826xo 0 slo
035 |a SL5540 
040 |a SLLK  |b slo  |c SLLK  |e AACR2 
041 0 |a slo 
044 |a xo  |c SK 
080 |a 351.74  |2 1981 
100 0 |a (ľn)  |4 aut  |9 973407 
245 1 0 |a Návštevník so sexuálnou túžbou 
518 |a júl 1999 
650 0 7 |a trestné činy  |2 SLLK  |9 2181 
650 0 7 |a lúpeže  |2 SLLK  |9 2231 
650 0 7 |a znásilnenia  |2 SLLK  |9 648094 
650 0 7 |a správy policajné  |2 SLLK  |9 1022427 
651 7 |a Stará Ľubovňa (Slovensko : okres)  |2 SLLK  |9 19196 
651 7 |a SL,  |2 SLLK  |9 1022390 
655 7 |a periodikum  |2 snkbucl  |9 29553 
773 0 8 |t Ľubovnianske noviny  |g Roč. 25, č.34, 26.8.1999, s. 2 
852 |a ZVYKNI  |b KIS3GCP 
999 |c 3331772  |d 3333702